Statistics for Texas Teams in All Sports

Click here to take the quiz!

General Stats

  • This quiz has been taken 30 times
  • The average score is 7 of 8

Answer Stats

HintAnswer% Correct
American FootballDallas Cowboys
96%
BasketballDallas Mavericks
96%
American FootballHouston Texans
96%
BaseballHouston Astros
93%
HockeyDallas Stars
89%
BasketballHouston Rockets
89%
BaseballTexas Rangers
89%
BasketballSan Antonio Spurs
86%

Score Distribution

Percentile by Number Answered

Percent of People with Each Score

Your Score History

You have not taken this quiz